El Salvador. La integración Regional: un instrumento de desarrollo nacional

Hace referencia a talleres realizados en El Salvador en el marco del Círculo de Copan, cuyo objetivo es plantear la integración en América Central como tema importante. El primer texto reflexiona sobre los objetivos de la cooperación en Centroamérica, y la importancia de la integración regional para...

Volledige beschrijving

Bewaard in:
Bibliografische gegevens
Formaat: Onbekend
Gepubliceerd in: Costa Rica : Centro Internacional para el Desarrollo Humano. CIDH 2009
Reeks:Colección Círculo de Copán
Onderwerpen:
Tags: Voeg label toe
Geen labels, Wees de eerste die dit record labelt!

MARC

LEADER 00000 a2200000 04500
001 42292
003 cru CIDCACS/IIS
005 20210617090428.0
008 991231s2009 cr es d
020 |a 978-9968-512-07-7  
040 |c CIDCACS/IIS 
090 |a 0001 C691i T7  
245 |a El Salvador. La integración Regional:   |b un instrumento de desarrollo nacional  
260 |a Costa Rica :   |b Centro Internacional para el Desarrollo Humano. CIDH   |c 2009 
300 |a 76 páginas  
440 |a Colección Círculo de Copán  
520 |a Hace referencia a talleres realizados en El Salvador en el marco del Círculo de Copan, cuyo objetivo es plantear la integración en América Central como tema importante. El primer texto reflexiona sobre los objetivos de la cooperación en Centroamérica, y la importancia de la integración regional para mejorar las condiciones de existencia de las personas que viven en cada país. El segundo explora una visión integral se la situación crítica en el mundo a través de la problemática energética, alimentaria, y ambiental en la región. Lo últimos dos textos plantean la seguridad como elemento constructor de la gobernabilidad y la creación de una agenda regional dentro de las agencias nacionales.  
590 |a Lorenzo220914  
650 |a INTEGRACION REGIONAL  
650 |a OCDE   |a COOPERACION INTERNACIONAL  
650 |a OCDE   |a DESARROLLO ECONOMICO Y SOCIAL  
650 |a OCDE   |a DEMOCRACIA  
650 |a OCDE   |a PETROLEO  
650 |a OCDE   |a SEGURIDAD CIUDADANA  
650 |a OCDE   |a  GOBERNABILIDAD  
650 |a OCDE   |a  EL SALVADOR  
650 |a OCDE   |a  CENTROAMERICA  
650 |a OCDE  
942 |2 ddc  |c LI 
999 |c 11864  |d 11864